Mauni: (Record no. 7703)

MARC details
000 -LEADER
fixed length control field 00550 a2200181 4500
010 ## - LCCN (DPL NO)
LC control number ENG-88152
020 ## - INTERNATIONAL STANDARD BOOK NUMBER
Terms of availability 50.00
035 ## - SYSTEM CONTROL NUMBER
System control number EN-71685
037 ## - SOURCE OF ACQUISITION
Source of stock number/acquisition DBAD / PUB
082 14 - DEWEY DECIMAL CLASSIFICATION NUMBER
Classification number S
245 1# - TITLE STATEMENT
Title Mauni:
Statement of responsibility, etc translated by M.J. Vidhya; edited by J. Charumathi
Remainder of title selected stories in english /
260 ## - PUBLICATION, DISTRIBUTION, ETC. (IMPRINT)
Place of publication, distribution, etc Cheyyar
Name of publisher, distributor, etc Mavanna Publications
Date of publication, distribution, etc 2006
270 ## - ADDRESS
Address Old No.4/25, New NO.321, Ist main street, Anna Nagar
City Cheyyar
Postal code 604 407
300 ## - PHYSICAL DESCRIPTION
Extent 63 p.
Dimensions 20 cm(Pbk)
700 1# - ADDED ENTRY--PERSONAL NAME
Personal name Vidhya, M.J.
700 1# - ADDED ENTRY--PERSONAL NAME
Personal name Charumathi, J.
942 ## - ADDED ENTRY ELEMENTS (KOHA)
Institution code [OBSOLETE] dpl
Item type English Books
Source of classification or shelving scheme Dewey Decimal Classification
Classification part S
Call number suffix MAU
Holdings
Withdrawn status Lost status Not for loan Collection code Home library Current library Source of acquisition Cost, normal purchase price Full call number Barcode Copy number Cost, replacement price Koha item type
    Not For Loan Fiction D.B.Act.Division D.B.Act.Division DBAD/PUB 50.00 S MAU EN-71685 1 50.00 English Books

© Delhi Public Library
Hit Counter
free hit counter